000 00331nam a22001337a 4500
008 181023b xxu||||| |||| 00| 0 eng d
020 _a0814126537
041 _aeng
080 _a371
100 _a46
101 _aEDU
245 _aLanguage Connections: Writing and Reading Across the Curriculum
_cFulwiler,T
942 _2udc
_cBK
999 _c50677
_d50677